| 000 | 00423nam a22001457a 4500 | ||
|---|---|---|---|
| 005 | 20240808164636.0 | ||
| 008 | 240808b |||||||| |||| 00| 0 eng d | ||
| 041 | _aeng | ||
| 082 | _bAKO | ||
| 100 |
_aAkolkar Kasturi-2K211003 & Dr. Sonali Parchure-Guide _9208140 |
||
| 245 | _aA Study of Digital Process Transformation at Kotak Mahindra Bank Ltd. | ||
| 260 |
_aPune _bSPPU _cMarch-2023 |
||
| 300 | _a53p | ||
| 942 | _cPR | ||
| 999 |
_c359376 _d359376 |
||